Statistieken voor Landen die Taiwan erkennen

Klik hier om de quiz te nemen!

Algemene statistieken

  • Deze quiz is 4 keer genomen
  • De gemiddelde score is 8 van 14

Antwoordstatistieken

Landen die Taiwan erkennen% Correct
Belize
75%
Haïti
75%
Saint Kitts en Nevis
75%
Saint Lucia
75%
Saint Vincent en de Grenadines
75%
Vaticaanstad
75%
Guatemala
50%
Honduras
50%
Nauru
50%
Palau
50%
Tuvalu
50%
Marshalleilanden
25%
Paraguay
25%
Eswatini
0%

Scoreverdeling

Percentiel versus Aantal Correcte Antwoorden

Procent van Mensen met Elke Score

Uw Scoregeschiedenis

U heeft deze quiz nog niet genomen